| 000 | 00597nam a2200241Ia 4500 | ||
|---|---|---|---|
| 003 | OSt | ||
| 005 | 20221005122517.0 | ||
| 006 | a|||||r|||| 00| 0 | ||
| 007 | ta | ||
| 008 | 221004b |||||||| |||| 00| 0 tam d | ||
| 024 | _a46778 | ||
| 037 | _cTextual | ||
| 040 |
_aCRL _cCRL _btam |
||
| 041 |
_2tam _atam |
||
| 082 | _aO31,2M91,6, J3 | ||
| 100 |
_aBharathidasan _9197613 |
||
| 245 | 0 | _aKadhala haddmaiya | |
| 260 | _c1953 | ||
| 300 |
_a103 _ccm. |
||
| 650 |
_aTAMIL DRAMA _9192671 |
||
| 942 |
_hO31,2M91,6, J3 _cTEXL _2cc |
||
| 999 |
_c1044516 _d1044516 |
||